Clic Qui gouverne en Europe le 1er janvier 1939 ? - Statistiques

Statistiques générales
  • Ce quiz a été pris 33 fois
  • Le résultat moyen est 16 sur 32
Statistiques - réponses
Hint Réponse % Correct
URSS Joseph Staline
100%
Royaume d'Italie Benito Mussolini
86%
Reich allemand Adolf Hitler
82%
République française Albert Lebrun
77%
Royaume d'Espagne Francisco Franco
77%
République du Portugal António de Oliveira Salazar
73%
Vatican Pie XI
73%
Royaume de Belgique Léopold III
64%
Royaume-Uni George VI
59%
Royaume des Pays-Bas Wilhelmine
55%
Principauté de Bulgarie Boris III
50%
Royaume de Suède Gustave V
50%
République de Saint-Marin Carlo Balsimelli & Celio Gozi
45%
Royaume de Roumanie Carol II
45%
Royaume de Danemark Christian X
45%
République de Turquie İsmet İnönü
45%
République de Hongrie Miklós Horthy
45%
Confédération suisse Philipp Etter
45%
République d'Irlande Éamon de Valera
41%
République de Tchécoslovaquie Emil Hácha
41%
Royaume de Norvège Haakon VII
41%
Principauté de Monaco Louis II
41%
Royaume d'Albanie Zog 1er
41%
Principauté d'Andorre (2e co-prince) Justí Guitart i Vilardebó
36%
République de Finlande Kyösti Kallio
36%
Grand-duché de Luxembourg Henri
32%
République d'Estonie Konstantin Päts
32%
Royaume de Yougoslavie Pierre II
32%
République de Lituanie Antanas Smetona
27%
République de Lettonie Kārlis Ulmanis
27%
Principauté du Liechtenstein François-Joseph II
23%
Royaume de Grèce Georges III
23%
Aucun quiz correspondant
Distribution des résultats
% des personnes avec chaque résultat
Percentile par nombre de réponses
Votre historique - résultats
Vous n’avez pas pris ce quiz